Statistics for Top 20 English Premier League Goalscorers

Click here to take the quiz!

General Stats

  • This quiz has been taken 69 times
  • The average score is 13 of 20

Answer Stats

GoalsAnswer% Correct
260Alan Shearer
100%
208Wayne Rooney
95%
177Frank Lampard
90%
150 Michael Owen
88%
187Andy Cole
86%
120Steven Gerrard
85%
163Robbie Fowler
78%
107Paul Scholes
71%
146Teddy Sheringham
71%
114Harry Kane
66%
162Jermain Defoe
64%
108Peter Crouch
61%
110Emile Heskey
59%
113Ian Wright
54%
149Les Ferdinand
51%
111Dion Dublin
41%
92Kevin Phillips
41%
106Darren Bent
39%
100Matt Le Tissier
36%
91James Beattie
0%

Score Distribution

Percentile by Number Answered

Percent of People with Each Score

Your Score History

You have not taken this quiz